|
|
|
|
| LEADER |
01712cas a2200241 a 4500 |
| 001 |
AALejournalIMF017203 |
| 008 |
230101c9999 xx r poo 0 0eng d |
| 020 |
|
|
|c 5.00 USD
|
| 020 |
|
|
|z 9781475550856
|
| 022 |
|
|
|a 1934-7685
|
| 040 |
|
|
|a BD-DhAAL
|c BD-DhAAL
|
| 110 |
2 |
|
|a International Monetary Fund.
|b Western Hemisphere Dept.
|
| 245 |
1 |
0 |
|a Panama :
|b 2016 article IV Consultation-Press Release; Staff Report; and Statement by the Executive Director for Panama.
|
| 264 |
|
1 |
|a Washington, D.C. :
|b International Monetary Fund,
|c 2016.
|
| 300 |
|
|
|a 1 online resource (69 pages)
|
| 490 |
1 |
|
|a IMF Staff Country Reports
|
| 500 |
|
|
|a <strong>Off-Campus Access:</strong> No User ID or Password Required
|
| 500 |
|
|
|a <strong>On-Campus Access:</strong> No User ID or Password Required
|
| 506 |
|
|
|a Electronic access restricted to authorized BRAC University faculty, staff and students
|
| 520 |
3 |
|
|a This 2016 Article IV Consultation highlights Panama's expected continued growth-among the strongest in Latin America-against a backdrop of low inflation, a stable financial system, and a declining current account deficit. GDP grew by 5.8 percent in 2015, and growth is projected to remain at about 6 percent in 2016 and over the medium term. The economy will be supported by the expected opening of the expanded canal and lower fuel prices. The overall fiscal deficit is expected to consolidate to 1.2 percent of GDP over the medium term. Public debt is projected as sustainable.
|
| 538 |
|
|
|a Mode of access: Internet
|
| 830 |
|
0 |
|a IMF Staff Country Reports; Country Report ;
|v No. 2016/337
|
| 856 |
4 |
0 |
|z Full text available on IMF
|u http://elibrary.imf.org/view/journals/002/2016/337/002.2016.issue-337-en.xml
|z IMF e-Library
|